| 000 | 00745cam a22002533a 4500 | ||
|---|---|---|---|
| 001 | 2382 | ||
| 003 | PGUSA | ||
| 005 | 20140828083014.0 | ||
| 008 | 001101s2000||||xxu|||||s|||||000 | eng d | ||
| 040 |
_aPGUSA _beng |
||
| 042 | _adc | ||
| 050 | 4 | _aF786 | |
| 100 | 1 |
_aMowry, Sylvester, _d1830-1871 |
|
| 245 | 1 | 0 |
_aMemoir of the Proposed Territory of Arizona _h[electronic resource] / _cSylvester Mowry |
| 260 |
_bProject Gutenberg, _c2000 |
||
| 506 | _aPublic domain in the USA. | ||
| 516 | _aElectronic text | ||
| 653 | _aArizona -- Politics and government | ||
| 653 | _aArizona -- History -- To 1912 | ||
| 653 | _aGadsden Purchase | ||
| 830 | 0 |
_aProject Gutenberg _v2382 |
|
| 856 | 4 | 0 | _uhttp://www.gutenberg.org/ebooks/2382 |
| 942 | _cEB | ||
| 999 |
_c231719 _d231719 |
||